Catálogo
 En Linea

15 aniversario, comunidad siervos de cristo vivo. (Registro nro. 31142)

Detalles MARC
000 -CABECERA
campo de control de longitud fija 00491nam a2200145 a 4500
001 - NÚMERO DE CONTROL
campo de control 000031650
005 - FECHA Y HORA DE LA ÚLTIMA TRANSACCIÓN
campo de control 20200930063058.0
008 - DATOS DE LONGITUD FIJA--INFORMACIÓN GENERAL
campo de control de longitud fija 110629s1997 dr 000 0 spa d
040 ## - FUENTE DE LA CATALOGACIÓN
Centro catalogador/agencia de origen DO-SdBNP
Lengua de catalogación spa
Centro/agencia transcriptor BNPHU
049 ## - FONDOS LOCALES (OCLC)
Fondos de biblioteca BNPD
245 00 - MENCIÓN DE TÍTULO
Título 15 aniversario, comunidad siervos de cristo vivo.
246 10 - FORMA VARIANTE DE TÍTULO
Título propio/Titulo breve Quince aniversario, comunidad siervos de cristo vivo.
260 ## - PUBLICACIÓN, DISTRIBUCIÓN, ETC.
Lugar de publicación, distribución, etc. Santo Domingo :
Nombre del editor, distribuidor, etc. Comunidad Siervos de Cristo Vivo,
Fecha de publicación, distribución, etc. 1997.
Fabricante Amigo del Hogar
300 ## - DESCRIPCIÓN FÍSICA
Extensión 29 p. :
Otras características físicas il., retrs. ;
Dimensiones 22 cm.
Existencias
Estado de retiro Estado de pérdida No para préstamo Código de colección Localización permanente Ubicación/localización actual Ubicación en estantería Fecha de adquisición Número de inventario Total de préstamos Signatura topográfica completa Código de barras Fecha visto por última vez Precio válido a partir de Tipo de ítem Koha
      Patrimonio Dominicano Patrimonio Dominicano Patrimonio Dominicano Orden iniciada 29.06.2011 LF1   31650-10 25.06.2020 25.06.2020 Libro y Folleto Colección Patrimonio Dominicano

Con tecnología Koha